000 00378nam a2200133Ia 4500
008 151001s9999||||xx |||||||||||||| ||und||
100 _aशशिकला साळगांवकर
245 _aकाटशह
250 _a1
260 _bश्रीविद्या प्रकाशन पुणे
260 _c1982
300 _a152
365 _b21
999 _c963093
_d963090